|
|
|
|
| LEADER |
00817nab a2200193 i 4500 |
| 001 |
acta1730 |
| 005 |
20210421101921.0 |
| 008 |
161015s1988 hu o 0|| fre d |
| 022 |
|
|
|a 0567-8099
|
| 040 |
|
|
|a SZTE Egyetemi Kiadványok Repozitórium
|b hun
|
| 041 |
|
|
|a fre
|
| 100 |
1 |
|
|a Kovács József
|
| 245 |
1 |
0 |
|a Remarques sur quelques phrases d'une traduction
|h [elektronikus dokumentum] :
|b pilote ou guerre d' Antoine de Saint-Exupéry, traduit par Judit Pór /
|c Kovács József
|
| 260 |
|
|
|c 1988
|
| 300 |
|
|
|a 241-260
|
| 490 |
0 |
|
|a Acta Universitatis Szegediensis de Attila József Nominatae : acta romanica
|v 13
|
| 695 |
|
|
|a Antoine de Saint-Exupéry, Irodalomtudomány - tanulmány, Fordítás - elmélet
|
| 700 |
0 |
1 |
|a Pór Judit
|
| 856 |
4 |
0 |
|u http://acta.bibl.u-szeged.hu/1730/1/romanica_013_241-260.pdf
|z Dokumentum-elérés
|